Suomen kunnat, joiden nimessä on useampi T - Statistics

Yleistilastot
  • Tätä visaa on pelattu 161 kertaa
  • Keskiarvotulos 7 / 9
Vastaustilastot
Maakunta Kunta % Oikein
Lappi Kittilä
89%
Kanta-Häme Hattula
84%
Ahvenanmaa Sottunga
81%
Päijät-Häme Iitti
76%
Satakunta Huittinen
74%
Päijät-Häme Orimattila
72%
Pirkanmaa Mänttä-Vilppula
70%
Pohjois-Karjala Kontiolahti
68%
Varsinais-Suomi Marttila
62%
Ehtoja vastaavia visoja ei löytynyt
Tulosjakauma
Jokaisen tuloksen saaneiden osuus
Persentiili vastausten määrän mukaan
Tuloshistoriasi
Et ole pelannut tätä visaa